000 006000000a22001810004500
003 MACL
005 20160522165148.0
008 160522b xxu||||| |||| 00| 0 eng d
040 _aMACL
_cMACL
041 _aHindi
082 _a891.433
100 _aअंसारी, मुहम्‍मद इसराईल
_958973
245 _aकार की खेती
_cमुहम्‍मद इसराईल अंसारी
260 _bअनिल प्रकाशन
_c2009
_aइलाहाबाद
350 _b200
650 _aNovel
_958974
942 _cHIN
_k891.433/ANS
_2ddc
999 _c41395
_d41395